LEADER 00632nab a2200157 i 4500 001 000000279600 003 CaOOAMICUS 005 20130730000000.0 008 130730n xx uu u0 0und r 013 $a31290 040 $aSeMil$bita 245 10$aPercorsi vocazionali 2013-2014 /$cSeminario Arcivescovile di Milano. - 15 p. : ill. ; 20 cm. - Titolo dalla copertina. 500 $aAGOSTO/SETTEMBRE 2013 [Inserto redazionale]. 710 2 $aSeminario Arcivescovile di Milano.$0(OLS)http://semarc/name/1064 773 0 $t[2013-2014].$dMilano : ITL, 2013-2014.$w()218891 996 $6245$aPercorsi vocazionali 2013-2014$9(OLS)http://semarc/title/363151 LEADER 01230nam a2200241 i 4500 001 000000007157 003 CaOOAMICUS 005 20241121085255.0 008 180830s1987 it u000 u ita u 040 $aSeMil$bita 245 00$aVaticano 2., bilancio e prospettive :$bventicinque anni dopo (1962-1987) /$ca cura di Rene Latourelle. 264 1$aAssisi :$bCittadella ;$aRoma :$bPontificia Università Gregoriana,$c1987. 300 $a2 v. (1600 p. compless.) ;$c25 cm. 500 $aIn testa al front.: Università Gregoriana, Istituto Biblico, Istituto Orientale. Roma. - In cofanetto. 650 4$aConcilio Vaticano II <1962-1965>.$0(OLS)http://semarc/subject/283 650 4$aConcilio Vaticano II <1962-1965> - Prospettive.$0(OLS)http://semarc/subject/1168 700 1 $aLatourelle, René,$c.$0(OLS)http://semarc/name/89624 774 0 $t1.$w()50901 774 0 $t2.$w()205304 996 $6245$aVaticano 2., bilancio e prospettive :$bventicinque anni dopo (1962-1987)$9(OLS)http://semarc/title/9604 996 $6264$aAssisi :$bCittadella$9(OLS)http://semarc/publisher/29661 996 $6264$aRoma :$bPontificia Università Gregoriana$9(OLS)http://semarc/publisher/29750